000
00275nam a22001097a 4500
040
_c
SK
082
_a
530
100
_a
នៃ ស៊ីណា
245
_a
ពិសោធន៍រូបវិទ្យាភាគទី១
260
_a
Phnom Penh
_b
នៃ
_c
1999
942
_c
KB
999
_c
8486
_d
8486